000 nam a22 7a 4500
999 _c9897
_d9897
008 180208b ||||| |||| 00| 0 eng d
100 _aMaanu Graphics
_95970
245 _aShivaji Bhagat singh, Tipu
260 _aNew Delhi
_bMaanu Publication
_c2012